| 000 | 00433nam a2200121Ia 4500 | ||
|---|---|---|---|
| 008 | 220620s9999||||xx |||||||||||||| ||und|| | ||
| 100 | _aReginald Botshabeng Monyai | ||
| 245 | 0 | _aTeacher Education in the 21st Century | |
| 546 | _aEnglish[eng] | ||
| 650 | _aHigher Education||Social Sciences||Education||Social Sciences and Humanities | ||
| 856 | _uhttps://www.intechopen.com/books/teacher-education-in-the-21st-century | ||
| 942 | _cEB | ||
| 999 |
_c21406 _d21406 |
||